[Event "DEM U10 2012"]
[Site "Oberhof GER"]
[Date "2012.06.01"]
[Round "9"]
[White "Fesselier, Chelsea"]
[Black "Pfreundt, Mathis"]
[Result "0-1"]
[Termination "normal"]
[Board "25"]
[WhiteElo "1228"]
[BlackElo "1035"]
[PlyCount "66"]
[WhiteFideId "26024624"]
[BlackFideId "12967092"]
[EventCountry "GER"]
[EventRounds "11"]
[EventType "swiss"]
[EventDate "2012.05.26"]

1. e4 e5 2. Nf3 Nc6 3. Bc4 Bc5 4. c3 Nf6 5. d4 exd4 6. cxd4 Bb4+ 7. Nc3 Nxe4 8.
O-O Bxc3 9. d5 Bf6 10. Re1 Ne7 11. Rxe4 d6 12. Bg5 Bxg5 13. Nxg5 h6 14. Nf3 O-O
15. Qe2 Ng6 16. Re1 Bd7 17. Qd2 Qf6 18. Qc1 Rac8 19. b3 c6 20. Qd1 c5 21. h3
Bf5 22. R4e3 Bd7 23. Qc1 Rce8 24. Qa3 a6 25. Qc1 Rxe3 26. Rxe3 Re8 27. Rd3 Ne5
28. Nxe5 Rxe5 29. Rf3 Qe7 30. Kh2 Re1 31. Qd2 Qe5+ 32. Rg3 Qa1 33. Qxh6 Rh1#
0-1

[Event "DEM U10 2012"]
[Site "Oberhof GER"]
[Date "2012.06.01"]
[Round "9"]
[White "Bykov, Ilona"]
[Black "Becker, Silke"]
[Result "1-0"]
[Termination "normal"]
[Board "26"]
[WhiteElo "937"]
[BlackElo "1222"]
[PlyCount "101"]
[WhiteFideId "12964433"]
[BlackFideId "12966452"]
[EventCountry "GER"]
[EventRounds "11"]
[EventType "swiss"]
[EventDate "2012.05.26"]

1. e4 e5 2. Nf3 Nc6 3. Nc3 Nf6 4. Bc4 Nxe4 5. Nxe4 d5 6. Bxd5 Qxd5 7. d3 Bg4 8.
Be3 O-O-O 9. O-O f5 10. Nc3 Qe6 11. h3 Bh5 12. Ng5 Qg6 13. g4 f4 14. Nge4 fxe3
15. Kh2 Bxg4 16. Qxg4+ Qxg4 17. hxg4 exf2 18. Rxf2 h5 19. gxh5 Rxh5+ 20. Kg3
Be7 21. Rf7 Rg8 22. Nd5 Bd6 23. Nxd6+ cxd6 24. b4 a6 25. Nb6+ Kd8 26. Rd7+ Ke8
27. Rxb7 g5 28. Nc4 Rg6 29. Rf1 g4 30. Rff7 Rh3+ 31. Kg2 g3 32. Nxd6+ Rxd6 33.
Kxh3 Rg6 34. Rh7 Rg8 35. Rhg7 Rh8+ 36. Kxg3 Kf8 37. Rgc7 Nd8 38. Ra7 Rh6 39.
Kg4 Re6 40. Kf5 Rb6 41. a3 Ke8 42. Rh7 Rb7 43. Raxb7 Nxb7 44. Rxb7 Kd8 45. Ra7
Kc8 46. Kxe5 Kd8 47. Kd6 Kc8 48. Rf7 Kb8 49. Kc6 Ka8 50. Kb6 Kb8 51. Rf8# 1-0

[Event "DEM U10 2012"]
[Site "Oberhof GER"]
[Date "2012.06.01"]
[Round "9"]
[White "Staufenberger, Philipp"]
[Black "Voß, Henrike"]
[Result "1-0"]
[Termination "normal"]
[Board "27"]
[WhiteElo "1234"]
[BlackElo "1002"]
[PlyCount "63"]
[WhiteFideId "12970883"]
[BlackFideId "12971910"]
[EventCountry "GER"]
[EventRounds "11"]
[EventType "swiss"]
[EventDate "2012.05.26"]

1. e4 e5 2. Nc3 Nf6 3. f4 d5 4. fxe5 Nxe4 5. Nf3 Bg4 6. Qe2 Ng5 7. d4 Nxf3+ 8.
gxf3 Qh4+ 9. Qf2 Qxf2+ 10. Kxf2 Be6 11. Bg2 c5 12. f4 Nc6 13. Nxd5 Bxd5 14.
Bxd5 cxd4 15. Rd1 Bc5 16. Kf3 f5 17. b3 Rd8 18. Bxc6+ bxc6 19. Bb2 Bb6 20. b4
Kf7 21. Rd3 Rd7 22. Rad1 Rhd8 23. c3 c5 24. bxc5 Bxc5 25. cxd4 Bb6 26. d5 Kg6
27. d6 Kh5 28. e6 Rb7 29. Ba3 g5 30. e7 g4+ 31. Kg2 Rc8 32. d7 1-0

[Event "DEM U10 2012"]
[Site "Oberhof GER"]
[Date "2012.06.01"]
[Round "9"]
[White "Baladjaev, Leyla"]
[Black "Von Jan, Lena"]
[Result "1/2-1/2"]
[Termination "normal"]
[Board "30"]
[WhiteElo "1113"]
[BlackElo "1003"]
[PlyCount "90"]
[WhiteFideId "12960217"]
[BlackFideId "12946060"]
[EventCountry "GER"]
[EventRounds "11"]
[EventType "swiss"]
[EventDate "2012.05.26"]

1. d4 d5 2. Nf3 Nf6 3. g3 c5 4. e3 Nc6 5. Bg2 Bg4 6. O-O e6 7. b3 Be7 8. Bb2 b6
9. h3 Bh5 10. Qd3 O-O 11. Nbd2 Bg6 12. Qc3 Nb4 13. Rfc1 Qc7 14. Nh4 Bd6 15. Kh2
Nh5 16. Nf1 Be7 17. Nf3 Bd6 18. Ne5 Rac8 19. a3 Nc6 20. Nxc6 Qxc6 21. Re1 Nf6
22. Re2 cxd4 23. Qxc6 Rxc6 24. Bxd4 e5 25. Bb2 Rxc2 26. Rxc2 Bxc2 27. Rc1 Bxb3
28. Nd2 Ba4 29. e4 dxe4 30. Nxe4 Nxe4 31. Bxe4 f5 32. Bd5+ Kh8 33. Re1 Re8 34.
Kg2 f4 35. g4 Bc5 36. Bxe5 Bxa3 37. Bxg7+ Kxg7 38. Ra1 Bd6 39. Rxa4 a5 40. Ra1
Rd8 41. Rb1 Bb4 42. Be6 Re8 43. Bf5 Rd8 44. Kf3 Rd4 45. Rc1 Bc5 1/2-1/2

[Event "DEM U10 2012"]
[Site "Oberhof GER"]
[Date "2012.06.01"]
[Round "9"]
[White "Haag, Lea"]
[Black "Lindow, Max"]
[Result "1-0"]
[Termination "normal"]
[Board "31"]
[WhiteElo "1011"]
[BlackElo "1128"]
[PlyCount "57"]
[BlackFideId "16211057"]
[EventCountry "GER"]
[EventRounds "11"]
[EventType "swiss"]
[EventDate "2012.05.26"]

1. e4 c5 2. Nf3 Nc6 3. d4 cxd4 4. Nxd4 Nf6 5. Nc3 g6 6. Bc4 Bg7 7. Be3 e5 8.
Ndb5 O-O 9. O-O Na5 10. Bb3 Nxb3 11. axb3 b6 12. Rxa7 Rxa7 13. Nxa7 Ba6 14. Re1
Qc7 15. Nab5 Bxb5 16. Nxb5 Qc6 17. Nc3 Nxe4 18. Nxe4 Qxe4 19. Bxb6 Qb4 20. Bc7
Re8 21. Re2 Re7 22. Bd6 Qa5 23. Bxe7 Qc7 24. Qd6 Qa7 25. Rd2 Qa1+ 26. Rd1 Qxb2
27. Qxd7 f5 28. Qe8+ Bf8 29. Qxf8# 1-0

[Event "DEM U10 2012"]
[Site "Oberhof GER"]
[Date "2012.06.01"]
[Round "9"]
[White "Kukulina, Sonja"]
[Black "Wastian, Mareike"]
[Result "1-0"]
[Termination "normal"]
[Board "32"]
[WhiteElo "948"]
[BlackElo "1174"]
[PlyCount "113"]
[WhiteFideId "12977047"]
[BlackFideId "12947423"]
[EventCountry "GER"]
[EventRounds "11"]
[EventType "swiss"]
[EventDate "2012.05.26"]

1. c4 e6 2. Nc3 d5 3. cxd5 exd5 4. e3 c5 5. d4 Nf6 6. g3 a6 7. Bg2 Nc6 8. Nf3
Be7 9. O-O O-O 10. dxc5 Bxc5 11. a3 Be6 12. Ng5 Rc8 13. b4 Be7 14. f4 Qd7 15.
Nxe6 fxe6 16. e4 dxe4 17. Nxe4 Qxd1 18. Rxd1 e5 19. Nxf6+ Bxf6 20. fxe5 Bxe5
21. Bd5+ Kh8 22. Rb1 Bd4+ 23. Kh1 Rfd8 24. Be6 Rb8 25. Bg5 Rd6 26. Bf4 Rxe6 27.
Bxb8 Nxb8 28. Rxd4 Re8 29. Kg2 Re2+ 30. Kh3 Nc6 31. Rf1 Re8 32. Rdf4 h6 33.
Rf8+ Rxf8 34. Rxf8+ Kh7 35. Kh4 Ne5 36. Kh3 Nc6 37. g4 Ne5 38. Kg3 Nc4 39. a4
Nb2 40. a5 Nd3 41. h4 Nxb4 42. g5 hxg5 43. hxg5 Nc6 44. Kf4 g6 45. Rf7+ Kg8 46.
Rxb7 Nxa5 47. Ra7 Nc6 48. Rxa6 Ne7 49. Ke5 Kg7 50. Ke6 Nf5 51. Ra7+ Kh8 52. Kf6
Nh4 53. Rg7 Nf5 54. Rxg6 Nh4 55. Rh6+ Kg8 56. Rxh4 Kf8 57. Rh8# 1-0

[Event "DEM U10 2012"]
[Site "Oberhof GER"]
[Date "2012.06.01"]
[Round "9"]
[White "Grey, Andrea"]
[Black "Feil, Alexander"]
[Result "0-1"]
[Termination "normal"]
[Board "33"]
[WhiteElo "855"]
[BlackElo "1162"]
[PlyCount "84"]
[WhiteFideId "12971880"]
[BlackFideId "4002954"]
[EventCountry "GER"]
[EventRounds "11"]
[EventType "swiss"]
[EventDate "2012.05.26"]

1. e4 e5 2. Nf3 Nf6 3. Nc3 Nc6 4. d4 exd4 5. Nxd4 Bb4 6. Nxc6 bxc6 7. Bd3 O-O
8. Bg5 Re8 9. O-O d6 10. h3 h6 11. Bh4 Qe7 12. Qe2 Qe5 13. Bxf6 Qxf6 14. Qd2
Re5 15. a3 Ba5 16. b4 Bb6 17. Ne2 Rg5 18. Nf4 Bd7 19. Kh2 Bd4 20. Ra2 Be5 21.
g3 Bxf4 22. Qxf4 Qxf4 23. gxf4 Rh5 24. Kg3 Rxh3+ 25. Kg2 Rh4 26. Kg3 Rg4+ 27.
Kf3 Re8 28. f5 h5 29. Raa1 g6 30. Rh1 gxf5 31. exf5 Rg5 32. Kf4 f6 33. Rag1
Rxg1 34. Rxg1+ Kh7 35. Rg6 Rf8 36. Kg3 Be8 37. Kh4 Bxg6 38. fxg6+ Kh6 39. f4 f5
40. g7 Kxg7 41. Kxh5 Kf6 42. c4 Rh8# 0-1

[Event "DEM U10 2012"]
[Site "Oberhof GER"]
[Date "2012.06.01"]
[Round "9"]
[White "Pantsernaya, Sofya"]
[Black "Brehm, Mirja"]
[Result "0-1"]
[Termination "normal"]
[Board "34"]
[WhiteElo "953"]
[BlackElo "1097"]
[PlyCount "112"]
[WhiteFideId "12993182"]
[EventCountry "GER"]
[EventRounds "11"]
[EventType "swiss"]
[EventDate "2012.05.26"]

1. e4 e5 2. Nf3 Nc6 3. Bc4 Bc5 4. c3 Nf6 5. d4 exd4 6. cxd4 Bb4+ 7. Nc3 Nxe4 8.
O-O Bxc3 9. d5 Bf6 10. Re1 Ne7 11. Rxe4 d6 12. g4 h6 13. h4 Be5 14. Nxe5 dxe5
15. Rxe5 O-O 16. h5 Qd6 17. Bf4 Qd7 18. Be2 b6 19. Bf3 Bb7 20. Rc1 Rac8 21. Qd2
f6 22. Ree1 Bxd5 23. b3 Rfd8 24. Rxe7 Qxe7 25. Bxd5+ Kh8 26. Rd1 c6 27. Re1 Qf8
28. Qc3 cxd5 29. Qd4 Qc5 30. Qd3 Re8 31. Be3 Qd6 32. Kf1 a5 33. Qg6 Qf8 34. Rd1
Rcd8 35. Bxb6 Rd7 36. Bxa5 Ra8 37. b4 d4 38. Qf5 Qf7 39. Re1 Qc4+ 40. Kg1 Rda7
41. Ra1 d3 42. Rd1 Qxa2 43. Rxd3 Qa1+ 44. Kg2 Qe5 45. Rd5 Qxf5 46. Rxf5 Kh7 47.
Kh3 Rf7 48. f4 g6 49. hxg6+ Kxg6 50. Kh4 Rd7 51. Rh5 Rd3 52. g5 hxg5+ 53. fxg5
Rd4+ 54. Kh3 fxg5 55. Rxg5+ Kxg5 56. Bb6 Ra3+ 0-1

[Event "DEM U10 2012"]
[Site "Oberhof GER"]
[Date "2012.06.01"]
[Round "9"]
[White "Schulze, Nick"]
[Black "Bürmann, Theresia"]
[Result "0-1"]
[Termination "normal"]
[Board "35"]
[WhiteElo "1072"]
[BlackElo "981"]
[PlyCount "106"]
[WhiteFideId "12971847"]
[BlackFideId "12960241"]
[EventCountry "GER"]
[EventRounds "11"]
[EventType "swiss"]
[EventDate "2012.05.26"]

1. d4 d5 2. Nf3 e6 3. c4 Nc6 4. Nc3 f5 5. e3 Nf6 6. a3 Be7 7. Bd3 O-O 8. b3 a5
9. Bb2 b6 10. O-O Ne4 11. Nd2 Nxd2 12. Qxd2 dxc4 13. bxc4 e5 14. d5 e4 15. Bc2
Ne5 16. d6 Qxd6 17. Qxd6 Bxd6 18. Rab1 Ba6 19. Ba1 Bxc4 20. Rfe1 Bd3 21. Bb3+
Kh8 22. Rbd1 Bxa3 23. Nd5 c6 24. Nxb6 Rab8 25. Bc4 Bxc4 26. Bxe5 Rxb6 27. Rd7
Rg8 28. h3 h6 29. Ra1 Bb4 30. Rc1 Bd5 31. Bd4 Rbb8 32. Rb1 Rbd8 33. Rxd8 Rxd8
34. Ra1 c5 35. Bb2 Bc6 36. g4 fxg4 37. hxg4 a4 38. Kh2 Rd2 39. Be5 a3 40. Rg1
c4 41. g5 Kh7 42. gxh6 Kxh6 43. Rg3 Bd6 44. Bf4+ Bxf4 45. exf4 a2 46. f5 a1=Q
47. Kh3 e3 48. f6 gxf6 49. Kh4 exf2 50. Rh3 Qd4+ 51. Kg3+ Kg5 52. Rh2 f1=N+ 53.
Kh3 Rxh2# 0-1

[Event "DEM U10 2012"]
[Site "Oberhof GER"]
[Date "2012.06.01"]
[Round "9"]
[White "Weiten, Teresa"]
[Black "Gazizov, Max"]
[Result "1-0"]
[Termination "normal"]
[Board "36"]
[WhiteElo "834"]
[BlackElo "1009"]
[PlyCount "43"]
[WhiteFideId "12971944"]
[BlackFideId "12951323"]
[EventCountry "GER"]
[EventRounds "11"]
[EventType "swiss"]
[EventDate "2012.05.26"]

1. e4 d5 2. exd5 Qxd5 3. Nc3 Qa5 4. d4 c6 5. Bd2 Qc7 6. Nf3 Bg4 7. Bc4 Bxf3 8.
Qxf3 e6 9. O-O Nf6 10. Rfe1 Be7 11. Rad1 O-O 12. Bf4 Bd6 13. Bxd6 Qxd6 14. Re3
Nbd7 15. Qh3 Rac8 16. Rg3 Rfe8 17. Rdd3 h6 18. Rdf3 Qxd4 19. Bd3 e5 20. Qxh6 g6
21. Bxg6 Ng4 22. Bxf7# 1-0

[Event "DEM U10 2012"]
[Site "Oberhof GER"]
[Date "2012.06.01"]
[Round "9"]
[White "Silber, Fabian"]
[Black "Petrow, Jonas"]
[Result "0-1"]
[Termination "normal"]
[Board "37"]
[WhiteElo "838"]
[BlackElo "1067"]
[PlyCount "70"]
[WhiteFideId "12947288"]
[BlackFideId "12991805"]
[EventCountry "GER"]
[EventRounds "11"]
[EventType "swiss"]
[EventDate "2012.05.26"]

1. e4 c5 2. Bc4 Nc6 3. Nf3 d6 4. O-O g6 5. d3 Bg7 6. Nc3 Nf6 7. Re1 O-O 8. Nd5
a6 9. Nxf6+ Bxf6 10. Bh6 Re8 11. a3 Bxb2 12. Ra2 Bf6 13. h3 e6 14. Bb3 b5 15.
c3 Bxc3 16. Ree2 Bf6 17. a4 Bb7 18. Bc2 Nb4 19. Ra3 Nxc2 20. Qxc2 Bc6 21. Kf1
Rb8 22. Qb3 bxa4 23. Qc2 Rb2 24. Qd1 Rxe2 25. Qxe2 Bb5 26. g4 Qb6 27. g5 Bb2
28. Ra2 a3 29. Rxb2 axb2 30. Qxb2 Bxd3+ 31. Qe2 Bxe2+ 32. Kxe2 Rb8 33. e5 Qb2+
34. Ke3 a5 35. Kf4 Qxf2 0-1

[Event "DEM U10 2012"]
[Site "Oberhof GER"]
[Date "2012.06.01"]
[Round "9"]
[White "Gauchel, Verena"]
[Black "Finke, Daniel"]
[Result "1-0"]
[Termination "normal"]
[Board "38"]
[WhiteElo "911"]
[BlackElo "989"]
[PlyCount "71"]
[WhiteFideId "12988537"]
[BlackFideId "16217675"]
[EventCountry "GER"]
[EventRounds "11"]
[EventType "swiss"]
[EventDate "2012.05.26"]

1. d4 d5 2. Nf3 Nc6 3. c4 e6 4. Nc3 Na5 5. Qa4+ Bd7 6. Qxa5 dxc4 7. Bf4 b6 8.
Qg5 f6 9. Qg3 Rc8 10. e4 b5 11. Be2 Ne7 12. O-O Ng6 13. Rac1 Be7 14. b3 O-O 15.
bxc4 bxc4 16. Bxc4 Kh8 17. Ba6 Ra8 18. Bb7 a6 19. Bxa8 Qxa8 20. Bxc7 e5 21.
dxe5 Bb4 22. exf6 gxf6 23. e5 f5 24. Rfd1 f4 25. Qg5 Rf5 26. Qd8+ Rf8 27. Qxa8
Rxa8 28. Rxd7 Ra7 29. h3 Bxc3 30. Rxc3 Rb7 31. e6 Rb1+ 32. Kh2 Rb2 33. e7 Nxe7
34. Rxe7 Rb5 35. Be5+ Rxe5 36. Rc8# 1-0

[Event "DEM U10 2012"]
[Site "Oberhof GER"]
[Date "2012.06.01"]
[Round "9"]
[White "Kirsten, Annika"]
[Black "Hartmann, Jasmin"]
[Result "1-0"]
[Termination "normal"]
[Board "39"]
[WhiteElo "957"]
[BlackElo "832"]
[PlyCount "127"]
[WhiteFideId "12961124"]
[BlackFideId "12988898"]
[EventCountry "GER"]
[EventRounds "11"]
[EventType "swiss"]
[EventDate "2012.05.26"]

1. e4 e6 2. d4 b6 3. Nf3 Bb7 4. Nc3 Bb4 5. Bd2 Bxc3 6. Bxc3 Bxe4 7. Qe2 Bxf3 8.
Qxf3 Nc6 9. Bc4 Qf6 10. Qe3 Nge7 11. d5 Nf5 12. Qd2 Ncd4 13. O-O-O exd5 14.
Rhe1+ Kd8 15. Bxd5 c6 16. Be4 Re8 17. Bxf5 Rxe1 18. Rxe1 c5 19. Be4 Rb8 20.
Bxh7 b5 21. b3 b4 22. Bb2 Qh4 23. Bg8 f6 24. Bf7 Kc7 25. Be8 Kb7 26. Bxd4 Qxd4
27. Qe2 Qa1+ 28. Kd2 Qd4+ 29. Kc1 Qa1+ 30. Kd2 Qd4+ 31. Qd3 Qxf2+ 32. Re2 Qf4+
33. Kd1 Qf1+ 34. Re1 Qxd3+ 35. cxd3 d6 36. Re7+ Kb6 37. Ba4 Rd8 38. Rxg7 Rh8
39. h3 Rf8 40. h4 f5 41. h5 f4 42. h6 Rf6 43. h7 Rh6 44. Ke2 c4 45. dxc4 Kc5
46. Bd7 f3+ 47. gxf3 Rh2+ 48. Kd1 Rh1+ 49. Ke2 Rh2+ 50. Ke3 Rh5 51. Bf5 Rxh7
52. Rxh7 a5 53. Rh5 Kc6 54. Be4+ Kb6 55. f4 Kc7 56. f5 Kd8 57. Rh8+ Ke7 58. Rh6
Kf8 59. f6 Kf7 60. Bd5+ Ke8 61. f7+ Ke7 62. Rh8 a4 63. f8=Q+ Kd7 64. Rh7# 1-0

[Event "DEM U10 2012"]
[Site "Oberhof GER"]
[Date "2012.06.01"]
[Round "9"]
[White "Ewerhardy, Moritz"]
[Black "Kobald, Jacqueline"]
[Result "1-0"]
[Termination "normal"]
[Board "40"]
[WhiteElo "832"]
[BlackElo "926"]
[PlyCount "41"]
[WhiteFideId "36052086"]
[BlackFideId "12988162"]
[EventCountry "GER"]
[EventRounds "11"]
[EventType "swiss"]
[EventDate "2012.05.26"]

1. e4 e5 2. Nf3 Nc6 3. Bc4 Nf6 4. Ng5 Bc5 5. Bxf7+ Ke7 6. Bb3 Re8 7. Nc3 Kf8 8.
d3 h6 9. Nf3 Na5 10. O-O Nxb3 11. axb3 d6 12. Be3 Bxe3 13. fxe3 Be6 14. Nd2 Ke7
15. d4 Rh8 16. d5 Bf7 17. Qf3 Kd7 18. Qh3+ Ke7 19. Rf2 Rf8 20. Rf3 Be8 21. Qe6#
1-0

[Event "DEM U10 2012"]
[Site "Oberhof GER"]
[Date "2012.06.01"]
[Round "9"]
[White "Kurz, Annika"]
[Black "Schumacher, Simon"]
[Result "0-1"]
[Termination "normal"]
[Board "41"]
[WhiteElo "881"]
[BlackElo "968"]
[PlyCount "60"]
[EventCountry "GER"]
[EventRounds "11"]
[EventType "swiss"]
[EventDate "2012.05.26"]

1. e4 e6 2. d4 d5 3. e5 c5 4. c3 Nc6 5. Nf3 Bd7 6. Bd3 Qb6 7. Qe2 cxd4 8. cxd4
Nxd4 9. Nxd4 Qxd4 10. O-O a6 11. Nc3 Qb6 12. Be3 d4 13. Ne4 dxe3 14. fxe3 Bc5
15. Rae1 Ne7 16. Nxc5 Qxc5 17. Qf3 Nf5 18. Re2 Qxe5 19. Rfe1 Bc6 20. e4 Nd4 21.
Qf2 Nxe2+ 22. Qxe2 Qd4+ 23. Kf1 O-O 24. e5 f6 25. Rd1 fxe5+ 26. Ke1 Qh4+ 27. g3
Qh3 28. Qxe5 Rae8 29. Qc3 Qxh2 30. Bf1 Qf2# 0-1

[Event "DEM U10 2012"]
[Site "Oberhof GER"]
[Date "2012.06.01"]
[Round "9"]
[White "Oganessjan, Artur"]
[Black "Leib, Amina"]
[Result "1-0"]
[Termination "normal"]
[Board "42"]
[WhiteElo "961"]
[BlackElo "754"]
[PlyCount "121"]
[WhiteFideId "12986062"]
[BlackFideId "12982970"]
[EventCountry "GER"]
[EventRounds "11"]
[EventType "swiss"]
[EventDate "2012.05.26"]

1. e4 e5 2. Nf3 Nc6 3. Nc3 Bc5 4. Nxe5 Nxe5 5. d4 Bd6 6. dxe5 Bxe5 7. Bd3 Nf6
8. O-O h6 9. Re1 O-O 10. Nd5 d6 11. h3 Re8 12. f4 Bd4+ 13. Kh1 Nxd5 14. exd5
Rxe1+ 15. Qxe1 Bd7 16. Be3 Bxb2 17. Rb1 Bf6 18. Rxb7 Bh4 19. Qd2 Qc8 20. Rxa7
Rxa7 21. Bxa7 Qb7 22. Qe3 Qxd5 23. Qe2 Qxa2 24. Bf2 Bxf2 25. Qxf2 Qd5 26. Qa7
f6 27. Bg6 Kf8 28. Qxc7 Ke7 29. Kh2 Ke6 30. Bd3 Bc6 31. Qxg7 Bb7 32. Qg8+ Kd7
33. Qxd5 Bxd5 34. g3 Ke7 35. Kg1 Kf7 36. Kf2 Be6 37. h4 Bg4 38. Be2 f5 39. Bxg4
fxg4 40. Ke3 d5 41. Kd4 Ke6 42. f5+ Kxf5 43. Kxd5 h5 44. c4 Kf6 45. Kd6 Kf5 46.
c5 Ke4 47. c6 Kf3 48. c7 Kxg3 49. c8=Q Kh3 50. Qc3+ Kxh4 51. Qf6+ Kh3 52. Qg5
g3 53. Qxh5+ Kg2 54. Ke5 Kf1 55. Qf3+ Ke1 56. Qxg3+ Kd2 57. Kd4 Kc2 58. Qc3+
Kb1 59. Qd2 Ka1 60. Kc3 Kb1 61. Qb2# 1-0

[Event "DEM U10 2012"]
[Site "Oberhof GER"]
[Date "2012.06.01"]
[Round "9"]
[White "Schmiederer, Luisa"]
[Black "Schönweiler, Elisabeth"]
[Result "1-0"]
[Termination "normal"]
[Board "43"]
[WhiteElo "850"]
[BlackElo "832"]
[PlyCount "129"]
[BlackFideId "12997005"]
[EventCountry "GER"]
[EventRounds "11"]
[EventType "swiss"]
[EventDate "2012.05.26"]

1. e4 e5 2. Nc3 Nc6 3. Nf3 Nf6 4. Bc4 Bc5 5. d3 h6 6. h3 d6 7. a4 Be6 8. Nd5
O-O 9. c3 Bxd5 10. Bxd5 Nxd5 11. exd5 Ne7 12. b4 Bb6 13. a5 Bxa5 14. Rxa5 b6
15. Ra1 Nxd5 16. Qb3 Nf6 17. Nh4 d5 18. Qd1 Re8 19. O-O e4 20. Nf5 Qd7 21. dxe4
dxe4 22. Nd4 c5 23. Ne2 Qxd1 24. Rxd1 Rad8 25. Rxd8 Rxd8 26. bxc5 bxc5 27. Rxa7
Rd1+ 28. Kh2 Re1 29. Ra2 Nd5 30. Ba3 c4 31. Ng3 Nf6 32. f3 e3 33. Bc5 Rc1 34.
Ne2 Rd1 35. Bxe3 Rd3 36. Bd4 Nd5 37. Kg3 Ne7 38. Ra4 Nf5+ 39. Kf2 Nd6 40. Be5
f6 41. Bxd6 Rxd6 42. Rxc4 Rd2 43. Ke3 Rd7 44. Rd4 Re7+ 45. Kd3 Rc7 46. c4 Kf7
47. Rd6 Ke7 48. Rd5 Ke6 49. Nf4+ Ke7 50. Kd4 Rc8 51. c5 Rc6 52. g4 g5 53. Ng6+
Ke6 54. Nf8+ Ke7 55. Rd7+ Kxf8 56. Kd5 Rc8 57. Kd6 Ke8 58. c6 Rd8 59. Rxd8+
Kxd8 60. c7+ Kc8 61. Kc6 h5 62. gxh5 g4 63. h6 gxh3 64. h7 h2 65. h8=Q# 1-0

[Event "DEM U10 2012"]
[Site "Oberhof GER"]
[Date "2012.06.01"]
[Round "9"]
[White "Giss, Alexander"]
[Black "Hasenburg, Juliana"]
[Result "1-0"]
[Termination "normal"]
[Board "44"]
[WhiteElo "877"]
[BlackElo "776"]
[PlyCount "85"]
[WhiteFideId "16260414"]
[EventCountry "GER"]
[EventRounds "11"]
[EventType "swiss"]
[EventDate "2012.05.26"]

1. e4 e5 2. Nf3 Nc6 3. Bc4 Bc5 4. d3 d6 5. h3 Be6 6. Bb3 Qd7 7. Nc3 O-O-O 8.
Bg5 f6 9. Be3 Bxe3 10. fxe3 Nge7 11. O-O g5 12. d4 g4 13. Bxe6 Qxe6 14. d5 Qd7
15. dxc6 Nxc6 16. Nh2 gxh3 17. g4 Rhg8 18. Nd5 Qg7 19. Nxf6 Rgf8 20. Nh5 Qg6
21. Ng3 Qh6 22. Nf5 Rxf5 23. exf5 Qxe3+ 24. Rf2 Qg3+ 25. Kf1 e4 26. Qd2 e3 27.
Rf3 Qg2+ 28. Qxg2 hxg2+ 29. Kxg2 Nd4 30. Re1 Nxf3 31. Nxf3 h5 32. gxh5 Rg8+ 33.
Kf1 Rg3 34. Rxe3 Rh3 35. f6 Rh1+ 36. Kf2 Rxh5 37. f7 Rf5 38. Re8+ Kd7 39. f8=Q
Rh5 40. Qf7+ Kc6 41. Qxh5 Kd7 42. Nd4 c5 43. Qf7# 1-0